Zmeny v IAS 16 a IAS 41 v súlade s Nariadením Komisie (EÚ) č. 2015/2113 uplatniteľné pre účtovné obdobia začaté od 1.1. 2016 a neskôr
Prijaté zmeny pre IAS 16 Nehnuteľnosti a zariadenia a IAS 41 Poľnohospodárstvo.
Guardado en:
| Autor principal: | |
|---|---|
| Formato: | Capítulo de libro |
| Lenguaje: | eslovaco |
| Materias: | |
| Etiquetas: |
Sin Etiquetas, Sea el primero en etiquetar este registro!
|
MARC
| LEADER | 00000naa a2200000 4500 | ||
|---|---|---|---|
| 001 | 0238946 | ||
| 005 | 20240502073852.8 | ||
| 041 | 0 | |a slo | |
| 044 | |a SK | ||
| 245 | 1 | 0 | |a Zmeny v IAS 16 a IAS 41 v súlade s Nariadením Komisie (EÚ) č. 2015/2113 uplatniteľné pre účtovné obdobia začaté od 1.1. 2016 a neskôr |c Daša Mokošová |
| 520 | |a Prijaté zmeny pre IAS 16 Nehnuteľnosti a zariadenia a IAS 41 Poľnohospodárstvo. | ||
| 610 | 2 | 0 | |a štandardy účtovné medzinárodné |
| 610 | 2 | 0 | |a harmonizácia |
| 610 | 2 | 0 | |a Európska únia |
| 610 | 2 | 0 | |a poľnohospodárstvo |
| 610 | 2 | 0 | |a stroje |
| 610 | 2 | 0 | |a nehnuteľnosti |
| 100 | 1 | |a Mokošová, Daša, 1979- | |